000 00725nam a2200205 i 4500
001 12932
003 ES-MaACL
005 20230906150436.0
007 t|
008 971014s1996 sp a |||| | spa d
020 _a84-89016-23-2
080 _a908(661.2)
245 0 4 _aLas ciudades perdidas de Mauritania :
_bexpedición a la cuna de los almorávides /
_cMauricio Pastor Muñoz y Manuel Villar Raso (editores).
260 _aGranada :
_bSierra Nevada 95 :
_bEl Legado Andalusí,
_c[1996]
300 _a220 p. :
_bprincipalmente il. col. ;
_c29 cm.
651 4 _aMauritania-
_xDescripción.
_9159910
700 1 _aPastor Muñoz, Mauricio.
_989516
700 1 _aVillar Raso, Manuel.
_9115101
852 4 _aES-MaACL
_jL-20251
999 _c12932
_d12932